| 000 | 00983cam a22002893a 4500 | ||
|---|---|---|---|
| 001 | 18851 | ||
| 003 | PGUSA | ||
| 005 | 20140828083412.0 | ||
| 008 | 060717s2006||||xxu|||||s|||||000 i eng d | ||
| 040 |
_aPGUSA _beng |
||
| 042 | _adc | ||
| 050 | 4 | _aPR | |
| 100 | 1 |
_aMorison, James Cotter, _d1832-1888 |
|
| 245 | 1 | 0 |
_aGibbon _h[electronic resource] / _cJames Cotter Morison |
| 260 |
_bProject Gutenberg, _c2006 |
||
| 506 | _aPublic domain in the USA. | ||
| 516 | _aElectronic text | ||
| 653 | _aGibbon, Edward, 1737-1794 | ||
| 653 | _aHistorians -- Great Britain -- Biography | ||
| 653 | _aGreat Britain -- Intellectual life -- 18th century | ||
| 653 | _aRome -- History -- Empire, 30 B.C.-476 A.D. -- Historiography | ||
| 653 | _aScholars -- Great Britain -- Biography | ||
| 653 | _aGibbon, Edward, 1737-1794. History of the decline and fall of the Roman empire | ||
| 830 | 0 |
_aProject Gutenberg _v18851 |
|
| 856 | 4 | 0 | _uhttp://www.gutenberg.org/ebooks/18851 |
| 942 | _cEB | ||
| 999 |
_c248106 _d248106 |
||